Geografia per Lettere - H - Statistics

Statistiche generali
  • Questo quiz è stato fatto 133 volte
  • Il punteggio medio è 7 su 20
Statistiche sulle risposte
Categoria Risposta % Corretto
Stato Nord Americano Haiti - Honduras
95%
Capitale Europea Helsinki
88%
Catena Montuosa Harz - Hengduan - Hindu Kush - Hindu Raj - Himalaya
68%
Stato USA Hawaii
63%
Isola Giapponese Hokkaidō - Honshū
55%
Capitale Asiatica Hanoi
54%
Città Tedesca (100K+) Hagen - Halle - Hamm - Hannover - Heidelberg - Heilbronn - Herne - Hildesheim
53%
Capitale Africana Harare
36%
Baia Hudson - Ha Long - Hanalei - Hervey - Helsingør
29%
Capitale Oceaniana Honiara
27%
Capitale di uno Stato USA Harrisburg - Hartford - Helena - Honolulu
21%
Grande Lago Huron
18%
Città Spagnole (50K+) Huelva - Huesca
17%
Contea Inglese Herefordshire - Hertfordshire - Hampshire
14%
Provincia Cinese Hainan - Hebei - Heilongjiang - Henan - Hubei - Hunan
13%
Capitale di uno Stato Australiano Hobart
7%
Comune Italiano Hone
5%
Capitale di una Provincia Canadese Halifax
4%
Isola Greca Hydra
1%
Fiume (1000km+) Han - Helmand - Huallaga
0%
Nessun quiz corrispondente trovato
Distribuzione punteggi
Percentuale di utenti per punteggio
Percentile per numero di risposta
I tuoi punteggi nel tempo
Non hai fatto questo quiz